Football- de A à Z - Statistiques

Statistiques générales
  • Ce quiz a été pris 689 fois
  • Le résultat moyen est 22 sur 26
Statistiques - réponses
Lettre 3 Indices Réponse % Correct
B espagne - club - ligue des champions Barcelone
98%
F 2 étoiles - pays France
97%
D entraineur - France - CDM 98 et 18 Deschamps
94%
I 4 CDM - Europe - pays Italie
94%
M argentine - ballon d'or - barcelone Messi
94%
J Ronaldo - club - italie Juventus
93%
N PSG - brésil - AG Neymar jr
93%
Q CDM 22 - Pays organisateur Qatar
93%
A pays - coupe du monde Argentine
91%
U Pays - cavani - CDM Uruguay
91%
P Brésil - joueur - année 60-70 Pelé
89%
C pays - Davies et David Canada
87%
Z CDM 98 - France - Doublé Zidane
87%
H 2 frères - France Hernandez
86%
O nom abrégé - marseille OM
86%
X entraineur - barcelone - milieu Xavi
85%
E club - anglais - bleu Everton
84%
V Joueur - milieu - PSG Verratti
84%
L Nord - Rivalité - jaune et rouge Lens
83%
T Entraineur - allemagne - PSG,Chelsea Tuchel
81%
R brésil - éxtérieur - joueur Ronaldo
76%
G bretagne - club - rouge et noir Guingamp
72%
S allemagne - AG - bayern munich Sane
71%
W libéria - année 90 - PSG Weah
71%
Y Gardien - ballon d'or - Russie Yashin
65%
K disquette Fifa 23 - joueuse Kerr
43%
Aucun quiz correspondant
Distribution des résultats
% des personnes avec chaque résultat
Percentile par nombre de réponses
Votre historique - résultats
Vous n’avez pas pris ce quiz